000 01157cam a2200325 a 4500
001 14003364
003 ARRUPE
005 20131111121657.0
008 041209s2005 enk e b 001 0 eng d
010 _a 2005415382
015 _aGBA492190
_2bnb
016 7 _a013070487
_2Uk
020 _a0232525773
035 _a(OCoLC)ocm57356397
040 _aUKM
_cUKM
_dBWKUK
_dDLC
042 _alccopycat
050 0 0 _aPR508.R4
_bE34 2005
082 0 4 _a821.00938248
_222
100 1 _aEdwards, David L.
_q(David Lawrence),
_d1929-
_93529
245 1 0 _aPoets and God :
_bChaucer, Shakespeare, Herbert, Milton, Wordsworth, Coleridge, Blake /
_cDavid L. Edwards.
260 _aLondon :
_bDarton Longman & Todd,
_c2005.
300 _axv, 256 p. ;
_c22 cm.
504 _aIncludes bibliographical references (p. 245-249) and index.
650 0 _aEnglish poetry
_xHistory and criticism.
_93530
650 0 _aSpirituality in literature.
_93531
650 0 _aPoets, English
_xReligious life.
_93532
906 _a7
_bcbc
_ccopycat
_d2
_encip
_f20
_gy-gencatlg
942 _2lcc
_cMONOGRAPH
999 _c118592
_d118592